000
00300nam a22001337a 4500
008
170606b xxu||||| |||| 00| 0 eng d
020
_a
9780792280309
041
_a
eng
080
_a
94(7/8)
100
_a
18
101
_a
SHH
245
_a
AMERICA'S HISTORIC TRAILS
_c
THOMPSON,J
942
_2
udc
_c
BK
999
_c
16013
_d
16013